| 000 | 01077cai a22001815a 4500 | ||
|---|---|---|---|
| 001 | L144617 | ||
| 008 | 080731u xxk g v 000 0 eng d | ||
| 035 | _a(Sirsi) u144617 | ||
| 041 | 0 | _aeng | |
| 110 | 2 |
_aAsian Legal Information Institute _95581 |
|
| 245 | 0 | 0 |
_aAsian Legal Information Institute _h[electronic resource] |
| 520 | _aThe Asian Legal Information Institute is a non-profit and free access website for legal information from 28 Asian countries and territories. Includes 189 databases of information on legislation, case-law, law reform reports, law journals, and other legal information. They can be searched together, separately by country, or as individual databases. Provides a catalogue of legal websites and a "Law on Google" facility, which helps you find legal materials from a particular jurisdiction using the Google search engine. Site mainly in English, but has user guides in several Asian languages. | ||
| 590 | _aKA | ||
| 651 | 4 | _aAsia | |
| 690 | _aLAW | ||
| 856 | 4 | 0 |
_uhttps://www.asianlii.org/ _zView the website at www.asianlii.org... |
| 942 | _n0 | ||
| 999 |
_c120683 _d120683 |
||